Mechanical Alloying and Milling

التفاصيل البيبلوغرافية
المؤلف الرئيسي: Suryanarayana C.
اللغة:الإنجليزية
منشور في: New York, Marcel Dekker, Inc., 2004
الموضوعات:
التنسيق: MixedMaterials كتاب
KOHA link:https://koha.lib.tpu.ru/cgi-bin/koha/opac-detail.pl?biblionumber=125406

MARC

LEADER 00000nam0a2200000 4500
001 125406
005 20231031131339.0
010 |a 082474103X 
035 |a (RuTPU)RU\TPU\book\135705 
090 |a 125406 
100 |a 20071115d2004 k y0engy50 ca 
101 0 |a eng 
102 |a US 
105 |a a z 001zy 
200 1 |a Mechanical Alloying and Milling  |f C. Suryanarayana 
210 |a New York  |c Marcel Dekker, Inc.  |d 2004 
215 |a 466 p.  |c ил. 
320 |a Библиография в конце глав. 
320 |a Index: p. 457-466. 
610 1 |a металлообработка 
610 1 |a механообработка 
610 1 |a металлы 
610 1 |a сплавы 
610 1 |a термическая обработка 
610 1 |a измельчение 
610 1 |a дробление 
610 1 |a английский язык 
675 |a 621.7  |v 3 
700 1 |a Suryanarayana  |b C. 
801 1 |a RU  |b 63413507  |c 20071115  |g PSBO 
801 2 |a RU  |b 63413507  |c 20071123  |g PSBO 
942 |c BK